| Tag |
First Indicator |
Second Indicator |
Subfields |
| LEADER |
00000cam a2200000 4500 |
| 001 |
in00000093493 |
| 005 |
20150927070150.0 |
| 008 |
800404s1942 nyuafk b 00010 eng |
| 010 |
|
|
|a 42050122
|
| 035 |
|
|
|a (OCoLC)06168520
|
| 035 |
|
|
|9 AAL5340AM
|
| 040 |
|
|
|a DLC
|c TXA
|d UtOrBLW
|
| 049 |
|
|
|a TXAM
|c 1 [456781]
|c 2 [458716]
|
| 050 |
|
0 |
|a TS155
|b .B43 1942
|
| 082 |
0 |
|
|a 658.31243
|
| 100 |
1 |
|
|a Beckman, R. O.,
|d 1891-
|
| 245 |
1 |
0 |
|a How to train supervisors ;
|b manual and outlines for determinate discussion /
|c by R. O. Beckman ...
|
| 264 |
|
1 |
|a New York,
|a London :
|b Harper & brothers,
|c [1942]
|
| 300 |
|
|
|a xii pages, 1 ., 315 pages :
|b 1 illustration, plates, diagram, forms. ;
|c 24 cm.
|
| 336 |
|
|
|a text
|b txt
|2 rdacontent
|
| 337 |
|
|
|a unmediated
|b n
|2 rdamedia
|
| 338 |
|
|
|a volume
|b nc
|2 rdacarrier
|
| 504 |
|
|
|a "Selected bibliography on supervision, leadership and training": pages 291-305.
|
| 650 |
|
0 |
|a Supervisors, Industrial.
|
| 650 |
|
0 |
|a Employees
|x Training of.
|
| 999 |
|
|
|a MARS
|
| 999 |
f |
f |
|s c8dbab61-cc44-3b97-8dba-b90e829fcd96
|i fdd38d1e-414e-3730-82d8-8ad4f15ca3e2
|t 0
|
| 952 |
f |
f |
|p ric
|a Texas A&M University
|b Rellis Campus
|c Joint Library Facility
|d Remote Storage
|t 0
|e TS155 .B43 1942
|h Library of Congress classification
|i unmediated -- volume
|m A14805635140
|
| 998 |
f |
f |
|a TS155 .B43 1942
|t 0
|l Remote Storage
|